| 000 | 00885cam a22002531 4500 | ||
|---|---|---|---|
| 001 | gs 31000031 | ||
| 003 | DLC | ||
| 005 | 20260227111335.0 | ||
| 008 | 810720s1929 bl f b 000 0 por c | ||
| 010 | _ags 31000031 | ||
| 035 | _a(OCoLC)7598525 | ||
| 040 |
_a(Library, U.S. Geological Survey) _cNIC _dDLC |
||
| 050 | 0 | 0 |
_aQE235 _b.A27 vol. 9 |
| 051 |
_aQE732 _b.R4 |
||
| 100 | 1 |
_aReed, F. R. C. _q(Frederick Richard Cowper), _d1869- |
|
| 245 | 1 | 0 |
_aFaunas triassicas do Brasil, _cpelo dr. F. R. Cowper Reed |
| 260 |
_aRio de Janeiro, _bPapelaria Americana, _c[1929]. |
||
| 300 |
_a97 p. _bv pl. _c30 cm. |
||
| 490 | 0 |
_aBrazil. Serviço geologico e mineralogico. Monographias, _vv. 9 |
|
| 500 | _aAt head of title: Ministerio da agricultura, industria e commercio. | ||
| 504 | _aBibliographical foot-notes. | ||
| 650 | 0 |
_aPaleontology _zBrazil. |
|
| 650 | 0 |
_aPaleontology _yTriassic. |
|
| 999 |
_c26846 _d26846 |
||